000 00361 a2200157 4500
001 75706
020 _a850805579X (broch.)
040 _cAnchieta - Colégio São Paulo
100 _aAzevedo, Ricardo
240 1 0 _aMenino meio arrepiado
_l
245 1 0 _aMenino meio arrepiado
300 _a23
362 0 _a1995
650 4 _aLiteratura juvenil
942 _cBK
999 _c75706
_d75706